[Event "Open de la Loire"]
[Site "Comite Loire Echecs"]
[Date "2005.04.09"]
[Round "6.6"]
[White "Gregoire, Patrick"]
[Black "Moleins, Jean-Pierre"]
[Result "0-1"]
[WhiteElo "1450"]
[BlackElo "1499"]
[PlyCount "70"]
[EventDate "2005.??.??"]

1. e4 e5 2. Nf3 c6 3. Nc3 d5 4. d4 exd4 5. Qxd4 Nd7 6. exd5 Qe7+ 7. Be2 c5 8.
Qe3 Nb6 9. Nb5 Nxd5 10. Qxe7+ Bxe7 11. Bc4 Bd7 12. O-O Ngf6 13. Bg5 O-O 14.
Rad1 Nb6 15. Rfe1 Nxc4 16. Rxe7 Bxb5 17. Bxf6 gxf6 18. Rxb7 Bc6 19. Rc7 Bxf3
20. gxf3 Nxb2 21. Rd5 Na4 22. Rc6 Nc3 23. Rdxc5 Nxa2 24. Rxf6 a5 25. Rh5 Kg7
26. Rff5 a4 27. Rhg5+ Kh8 28. h4 Nc3 29. Rh5 a3 30. Rh6 Kg7 31. Rfh5 Rh8 32.
Rc6 Ne2+ 33. Kh2 a2 34. Rg5+ Kf8 35. Re5 Nd4 0-1

[Event "Open de la Loire"]
[Site "Comite Loire Echecs"]
[Date "2005.04.09"]
[Round "6.7"]
[White "Mialon, Franck"]
[Black "Carrot, Axel"]
[Result "0-1"]
[WhiteElo "1410"]
[BlackElo "1480"]
[PlyCount "68"]
[EventDate "2005.??.??"]

1. e4 e5 2. Nf3 Bc5 3. Bc4 d6 4. h3 h6 5. c3 Nf6 6. d4 exd4 7. cxd4 Bb4+ 8. Bd2
Bxd2+ 9. Nbxd2 Nc6 10. Bb5 a6 11. Bxc6+ bxc6 12. O-O O-O 13. Qc2 Bd7 14. e5
dxe5 15. dxe5 Nd5 16. Rad1 Rb8 17. Ne4 Nb4 18. Qb1 Qe7 19. Nf6+ gxf6 20. exf6
Qe6 21. Qc1 Kh7 22. Rfe1 Qf5 23. Re5 Nd3 24. Rxf5 Nxc1 25. Rxd7 Rxb2 26. Rxc7
Rxa2 27. Ne5 Ne2+ 28. Kf1 Nd4 29. g4 Nxf5 30. gxf5 Kg8 31. Rxc6 Re8 32. f4 h5
33. h4 Rb8 34. Rc1 Rbb2 0-1

[Event "Open de la Loire"]
[Site "Comite Loire Echecs"]
[Date "2005.04.09"]
[Round "6.8"]
[White "Doucet, Medhi"]
[Black "Veyrat, Gerard"]
[Result "1-0"]
[WhiteElo "1620"]
[BlackElo "1240"]
[PlyCount "79"]
[EventDate "2005.??.??"]

1. c4 e5 2. Nc3 d5 3. cxd5 Bd6 4. Nf3 Nf6 5. e4 Bg4 6. Be2 c6 7. dxc6 Nxc6 8.
Qb3 Nd4 9. Nxd4 exd4 10. Qa4+ Bd7 11. Qxd4 Be7 12. e5 Ng8 13. Nd5 Be6 14. Qa4+
Bd7 15. Bb5 Bxb5 16. Qxb5+ Kf8 17. Nxe7 Qxe7 18. O-O Nh6 19. d4 Nf5 20. Rd1 a6
21. Qa4 b5 22. Qa5 Qe6 23. Bf4 f6 24. d5 Qc8 25. e6 Qc5 26. d6 g5 27. Rac1 Qa7
28. Qc3 Kg7 29. Bxg5 Rhf8 30. Qc7+ Qxc7 31. Rxc7+ Kg6 32. Bf4 Rae8 33. g4 Nxd6
34. Rxd6 f5 35. g5 Kh5 36. h3 b4 37. Rxh7+ Kg6 38. Rh6+ Kg7 39. Rd7+ Kg8 40.
Be5 1-0

[Event "Open de la Loire"]
[Site "Comite Loire Echecs"]
[Date "2005.04.09"]
[Round "6.9"]
[White "Goudet, Maxence"]
[Black "Conesa, Antoine"]
[Result "0-1"]
[WhiteElo "1380"]
[BlackElo "1500"]
[PlyCount "74"]
[EventDate "2005.??.??"]

1. e4 c5 2. Nf3 e6 3. Be2 d5 4. exd5 exd5 5. d4 a6 6. Nc3 Nf6 7. Bg5 Qb6 8.
Bxf6 Qxf6 9. Nxd5 Qc6 10. Nc3 Bd6 11. O-O O-O 12. dxc5 Bxc5 13. Bd3 Bg4 14. h3
Bxf3 15. Qxf3 Qxf3 16. gxf3 Nc6 17. Be4 Rab8 18. Rad1 f5 19. Bxc6 bxc6 20. Na4
Be7 21. Rd7 Bf6 22. b3 Rb5 23. Rfd1 f4 24. Rc7 Rh5 25. Kh2 Rg5 26. Rxc6 Ra5 27.
Rdd6 Re5 28. Re6 Rxe6 29. Rxe6 Rc8 30. c4 Kf7 31. Rxa6 Rd8 32. Ra7+ Kg6 33. Nc3
Bxc3 34. a3 Rd2 35. Kg2 Bd4 36. Rd7 Rxf2+ 37. Kh1 Be3 0-1

[Event "Open de la Loire"]
[Site "Comite Loire Echecs"]
[Date "2005.04.09"]
[Round "6.10"]
[White "Trottet, Francois"]
[Black "Granger, Thierry"]
[Result "0-1"]
[WhiteElo "1420"]
[BlackElo "1499"]
[PlyCount "118"]
[EventDate "2005.??.??"]

1. e4 c5 2. Nf3 e6 3. d4 cxd4 4. Nxd4 Nf6 5. Nc3 d6 6. Be3 Be7 7. h3 O-O 8. Be2
Nc6 9. Nf3 a6 10. Qd2 b5 11. O-O Bb7 12. Ng5 Re8 13. h4 h6 14. Nf3 Nh7 15. a3
Bxh4 16. Nxh4 Qxh4 17. Bf4 e5 18. Bg3 Qd8 19. Nd5 Nd4 20. Bg4 Bxd5 21. exd5 Nf6
22. Bh4 Ra7 23. Rae1 Rc7 24. c3 Nb3 25. Qe3 Nc5 26. Bf5 Qe7 27. Bxf6 Qxf6 28.
Qh3 Ree7 29. Re3 Nb3 30. Rf3 Qg5 31. Rg3 Qf6 32. Rd1 Rc4 33. Rdd3 Rh4 34. Rxg7+
Kxg7 35. Qg3+ Qg5 36. Qf3 Qf4 37. Qg3+ Qxg3 38. Rxg3+ Kf6 39. Bc2 Nc5 40. b4
Nd7 41. Rf3+ Rf4 42. Rh3 Kg5 43. Bd1 Nf6 44. Rg3+ Kf5 45. f3 Nh5 46. Bc2+ e4
47. Rh3 Kg6 48. Kf2 Rf5 49. g4 Rf6 50. gxh5+ Kg7 51. Rg3+ Kf8 52. Kg2 exf3+ 53.
Kh3 f2 54. Bd3 f1=Q+ 55. Bxf1 Rxf1 56. Kh4 Re4+ 57. Kh3 Rfe1 58. Rf3 R1e3 59.
Rxe3 Rxe3+ 0-1

[Event "Open de la Loire"]
[Site "Comite Loire Echecs"]
[Date "2005.04.09"]
[Round "6.11"]
[White "Desassis, Maxence"]
[Black "Gidrol, Thibault"]
[Result "1-0"]
[WhiteElo "1390"]
[BlackElo "1290"]
[PlyCount "123"]
[EventDate "2005.??.??"]

1. d4 d5 2. Nf3 Nf6 3. e3 Nc6 4. Bd3 e6 5. Nbd2 Bd6 6. a3 O-O 7. b3 e5 8. dxe5
Nxe5 9. Nxe5 Bxe5 10. Bb2 Bxb2 11. Rb1 Bxa3 12. Nf3 Bb4+ 13. Kf1 a6 14. Ng5 Ng4
15. e4 Qxg5 16. c4 Qf4 17. f3 Nxh2+ 18. Ke2 dxe4 19. Bxe4 Bc5 20. Qd3 Re8 21.
Kd1 g6 22. Qd5 Bb4 23. Rb2 Ba3 24. Qd2 Qe5 25. Ra2 Bc5 26. Qd5 Qxd5+ 27. cxd5
Bd6 28. b4 Bd7 29. Ke1 Bg4 30. Kf2 f5 31. Bd3 Bh5 32. g3 Bxb4 33. Rxh2 Bc5+ 34.
Kf1 Re3 35. Be2 Bxf3 36. Bxf3 Rxf3+ 37. Kg2 Rd3 38. Re2 Bd6 39. Rh3 Kf7 40.
Rxh7+ Kf8 41. Rh8+ Kg7 42. Rxa8 Rxg3+ 43. Kf2 Rh3 44. Ra7 Bg3+ 45. Kg2 Rh2+ 46.
Kf3 Rh3 47. Re7+ Kh6 48. Kg2 Bd6 49. Kxh3 Bxe7 50. Rxb7 Bd6 51. Ra7 c5 52. dxc6
g5 53. c7 Bxc7 54. Rxc7 g4+ 55. Kg3 Kg5 56. Ra7 f4+ 57. Kf2 g3+ 58. Kf3 Kf5 59.
Rxa6 Kg5 60. Ra4 g2 61. Kxg2 Kf5 62. Kf3 1-0

[Event "Open de la Loire"]
[Site "Comite Loire Echecs"]
[Date "2005.04.09"]
[Round "6.13"]
[White "Gregoire, Michele"]
[Black "Paratcha, Yohan"]
[Result "1-0"]
[WhiteElo "1320"]
[BlackElo "1440"]
[PlyCount "143"]
[EventDate "2005.??.??"]

1. d4 d5 2. e3 Nc6 3. f4 Bf5 4. Bd3 Bxd3 5. Qxd3 g6 6. Nf3 Bg7 7. c3 f5 8. O-O
e6 9. Nbd2 h6 10. Qe2 g5 11. Ne5 Nxe5 12. fxe5 Ne7 13. Qh5+ Kd7 14. Qe2 Qg8 15.
Nb3 Rf8 16. Nc5+ Kc8 17. g3 Ng6 18. b4 h5 19. a4 h4 20. g4 b6 21. Qa6+ Kd8 22.
Nb7+ Kd7 23. Ba3 Ke8 24. Qb5+ Ke7 25. Qc6 Rc8 26. b5+ Kf7 27. Qd7+ Ne7 28.
Qxe7+ Kg6 29. gxf5+ exf5 30. Qd7 Qf7 31. Qc6+ Kh7 32. e6 Qf6 33. Qxd5 f4 34.
exf4 gxf4 35. Qe4+ Qg6+ 36. Qxg6+ Kxg6 37. Rxf4 Rb8 38. Rg4+ Kf6 39. Rf1+ Kxe6
40. Rg6+ Kd5 41. Rxg7 Rxb7 42. Rg5+ Kc4 43. Bb4 Rbb8 44. d5 Ra8 45. Rf4+ Kb3
46. a5 Rae8 47. axb6 axb6 48. Rg7 Reg8 49. Rfg4 Rc8 50. h3 Ka4 51. Bd6+ Kxb5
52. Bxc7 Rhe8 53. d6 Re2 54. c4+ Kc5 55. R7g5+ Kc6 56. Rg6 Kb7 57. Rg7 Ra8 58.
Bd8+ Kc6 59. Rc7+ Kxd6 60. Rg6+ Ke5 61. Re7+ Kd4 62. Rxe2 Ra1+ 63. Kg2 Kd3 64.
Rge6 Rb1 65. Bxb6 Kxc4 66. R2e4+ Kd3 67. Rxh4 Rb2+ 68. Kf3 Rd2 69. Re3+ Kc2 70.
Rc4+ Kd1 71. Ba5 Ra2 72. Rd3+ 1-0

[Event "Open de la Loire"]
[Site "Comite Loire Echecs"]
[Date "2005.04.09"]
[Round "6.14"]
[White "Rogues, Jean-Luc"]
[Black "Gerey, Jean-Pierre"]
[Result "1-0"]
[WhiteElo "1470"]
[BlackElo "1350"]
[PlyCount "185"]
[EventDate "2005.??.??"]

1. e4 e5 2. Nf3 Nc6 3. Bc4 Nf6 4. d3 d5 5. exd5 Nxd5 6. O-O Be6 7. Bd2 Be7 8.
Bxd5 Bxd5 9. Nc3 Be6 10. Qe2 Bf6 11. Ne4 Be7 12. Bc3 f6 13. Rfd1 Nd4 14. Bxd4
exd4 15. h3 Qd7 16. c3 c5 17. c4 b6 18. Nh2 O-O 19. Ng3 Rfe8 20. Re1 Bd6 21.
Qf3 Rf8 22. Re2 Rae8 23. Rae1 Re7 24. Ne4 Bb8 25. Ng3 Kh8 26. Nh5 Qd6 27. Qg3
Qxg3 28. Nxg3 Rfe8 29. Nf5 Bxf5 30. Rxe7 Rxe7 31. Rxe7 Bxh2+ 32. Kxh2 Kg8 33.
Rxa7 Bxd3 34. Ra3 Bxc4 35. b3 Be2 36. Ra8+ Kf7 37. Rd8 d3 38. f3 Ke7 39. Rd5 b5
40. Kg1 c4 41. Kf2 c3 42. Rc5 c2 43. Rc3 Kd6 44. Ke1 Kd5 45. Kd2 Kd4 46. a4 Bf1
47. axb5 Bxg2 48. Rxd3+ Kc5 49. h4 Kxb5 50. Kxc2 Bh3 51. Kc3 h6 52. Rd4 Bg2 53.
Rf4 Bh3 54. Rb4+ Kc5 55. Rc4+ Kb5 56. b4 Bg2 57. Rc5+ Kb6 58. f4 Bf3 59. Kd4 g6
60. Ke3 Bd1 61. Rd5 Ba4 62. Kd4 Bb3 63. Rd6+ Kb5 64. Kc3 Ba2 65. Rxf6 Bb1 66.
Rf8 Bf5 67. Rb8+ Kc6 68. Kd4 Kc7 69. Rh8 h5 70. Kc5 Kb7 71. Rh7+ Kc8 72. Kb6 g5
73. fxg5 Bxh7 74. b5 Bd3 75. Kc6 Kd8 76. b6 Ke7 77. Kc7 Be4 78. b7 Bxb7 79.
Kxb7 Kf7 80. Kc8 Ke7 81. Kc7 Ke6 82. Kd8 Kf7 83. Kd7 Kg6 84. Ke7 Kg7 85. Ke6
Kg6 86. Ke5 Kg7 87. Kf5 Kf7 88. g6+ Kg7 89. Kg5 Kg8 90. Kxh5 Kh8 91. Kg5 Kg8
92. Kh6 Kf8 93. Kh7 1-0

[Event "Open de la Loire"]
[Site "Comite Loire Echecs"]
[Date "2005.04.09"]
[Round "6.15"]
[White "Giroux, Sylvain"]
[Black "Choquelle, Jean"]
[Result "1-0"]
[WhiteElo "1310"]
[BlackElo "1499"]
[PlyCount "57"]
[EventDate "2005.??.??"]

1. d4 d5 2. c4 dxc4 3. Qa4+ Bd7 4. Qxc4 Nc6 5. Nf3 Be6 6. Qc3 Nf6 7. e3 Bf5 8.
b3 Ne4 9. Qc2 e6 10. Bd3 Bb4+ 11. Nbd2 Qd5 12. O-O O-O 13. Bxe4 Rfe8 14. Bxd5
Rad8 15. Qd1 e5 16. Bxc6 bxc6 17. Nxe5 Re6 18. Nxc6 Rdd6 19. Ne7+ Kh8 20. Nxf5
Rf6 21. Qc2 g6 22. Nh6 a5 23. Ne4 Rfe6 24. Ng5 Bd2 25. Ngxf7+ Kg7 26. Nxd6 cxd6
27. e4 g5 28. Qc7+ Kf6 29. Qf7# 1-0

[Event "Open de la Loire"]
[Site "Comite Loire Echecs"]
[Date "2005.04.09"]
[Round "6.16"]
[White "Moleins, Adrien"]
[Black "Brachet, Gerard"]
[Result "0-1"]
[WhiteElo "1180"]
[BlackElo "1340"]
[PlyCount "106"]
[EventDate "2005.??.??"]

1. e4 e5 2. Nf3 Nc6 3. d4 exd4 4. Nxd4 Qf6 5. Nxc6 Qxc6 6. Nc3 Bb4 7. Bd3 Bxc3+
8. bxc3 d6 9. Bd2 Nf6 10. O-O O-O 11. Re1 Qc5 12. h3 b6 13. Rb1 Bb7 14. Rb5 Qc6
15. Rb4 Rfe8 16. Rc4 Qd7 17. Bg5 Re6 18. e5 dxe5 19. Bf5 Qxd1 20. Rxd1 Rd6 21.
Rxd6 cxd6 22. Bxf6 gxf6 23. Rb4 Rc8 24. Bxc8 Bxc8 25. Rb1 d5 26. Rd1 Be6 27.
Rd3 a5 28. Rg3+ Kh8 29. h4 d4 30. cxd4 exd4 31. Ra3 f5 32. h5 Kg7 33. Rh3 Bxa2
34. f3 Bb1 35. h6+ Kg6 36. Rh2 Bxc2 37. g4 d3 38. gxf5+ Kxf5 39. Kf2 Kf4 40.
Ke1 Ke3 41. f4 a4 42. Rh3+ Kxf4 43. Kd2 a3 44. Rh1 a2 45. Ra1 Bb1 46. Kc1 Kg5
47. Rxb1 axb1=Q+ 48. Kxb1 f5 49. Kc1 f4 50. Kd2 f3 51. Kxd3 b5 52. Ke3 b4 53.
Kxf3 b3 0-1

[Event "Open de la Loire"]
[Site "Comite Loire Echecs"]
[Date "2005.05.21"]
[Round "7.2"]
[White "Gaillard, Pierre"]
[Black "Vier, Serge"]
[Result "0-1"]
[WhiteElo "1830"]
[BlackElo "1870"]
[PlyCount "53"]
[EventDate "2005.??.??"]

1. e4 e6 2. d4 d5 3. Nd2 dxe4 4. Nxe4 Bd7 5. Bd3 Bc6 6. Nf3 Nd7 7. Qe2 Ngf6 8.
Neg5 Bxf3 9. Qxf3 c6 10. O-O Be7 11. Re1 O-O 12. Qh3 h6 13. Ne4 Nxe4 14. Rxe4
Nf6 15. Rh4 Nh7 16. Rxh6 gxh6 17. Qxh6 f5 18. Qg6+ Kh8 19. Bh6 Rg8 20. Qxe6 Qd5
21. Qxd5 cxd5 22. Bxf5 Bg5 23. Bxg5 Rxg5 24. g4 Nf6 25. h3 Re8 26. Rf1 Ne4 27.
c3 0-1

[Event "Open de la Loire"]
[Site "Comite Loire Echecs"]
[Date "2005.05.21"]
[Round "7.3"]
[White "Gidon, Rene"]
[Black "Desassis, Gregoire"]
[Result "1-0"]
[WhiteElo "1540"]
[BlackElo "1660"]
[PlyCount "45"]
[EventDate "2005.??.??"]

1. e4 e6 2. d4 d5 3. Nc3 c5 4. Bb5+ Nc6 5. Be3 Qb6 6. Nf3 a6 7. Bxc6+ bxc6 8.
Rb1 g6 9. e5 Bg7 10. O-O Ne7 11. Na4 Qb4 12. Nxc5 Nf5 13. c3 Qa5 14. a3 Nxe3
15. fxe3 Bh6 16. Qe1 O-O 17. e4 Rb8 18. Qh4 Be3+ 19. Kh1 Qb5 20. Rfe1 dxe4 21.
Nxe4 Qd3 22. Nf6+ Kg7 23. Qxh7# 1-0

[Event "Open de la Loire"]
[Site "Comite Loire Echecs"]
[Date "2005.05.21"]
[Round "7.4"]
[White "Carrot, Axel"]
[Black "Borron, Herve"]
[Result "0-1"]
[WhiteElo "1480"]
[BlackElo "1520"]
[PlyCount "67"]
[EventDate "2005.??.??"]

1. d4 f5 2. Bf4 Nf6 3. e3 g6 4. Bd3 Bg7 5. Nf3 d6 6. O-O O-O 7. Ng5 Nc6 8. Bc4+
d5 9. Bb3 e6 10. Nc3 a6 11. f3 Nh5 12. Ne2 Nxf4 13. Nxf4 Qxg5 14. Qd2 Bd7 15.
e4 Bxd4+ 16. Kh1 Be5 17. g3 Bxf4 18. gxf4 Qe7 19. exd5 exd5 20. Bxd5+ Kg7 21.
Qc3+ Qf6 22. Qxf6+ Kxf6 23. Rfe1 Rfe8 24. Rxe8 Rxe8 25. Rd1 Be6 26. Bxc6 bxc6
27. Re1 Bf7 28. Rxe8 Bxe8 29. Kg2 c5 30. Kf2 Bc6 31. Ke3 Ke6 32. c4 Kd6 33. b3
Bb7 34. Kd3 0-1

[Event "Open de la Loire"]
[Site "Comite Loire Echecs"]
[Date "2005.05.21"]
[Round "7.5"]
[White "Granger, Thierry"]
[Black "Moleins, Jean-Pierre"]
[Result "0-1"]
[WhiteElo "1499"]
[BlackElo "1499"]
[PlyCount "123"]
[EventDate "2005.??.??"]

1. d4 d5 2. c4 dxc4 3. Nf3 Nc6 4. e3 Bg4 5. Bxc4 e6 6. O-O Qe7 7. Nc3 O-O-O 8.
a3 g5 9. b4 Bh5 10. Be2 g4 11. Nd2 f5 12. b5 Na5 13. Nc4 Nxc4 14. Bxc4 Nf6 15.
Be2 e5 16. d5 Qc5 17. Bb2 Nxd5 18. Nxd5 Rxd5 19. Qb1 Bg6 20. Qe1 Bh6 21. Rc1
Qd6 22. Bc3 Rg8 23. Bc4 f4 24. Bxd5 Qxd5 25. exf4 Bxf4 26. Rd1 Qxb5 27. Ra1 Bd3
28. g3 Bxf1 29. Qxf1 Qc5 30. Bb4 Qd4 31. gxf4 exf4 32. Rd1 Qb6 33. Qc4 Rg6 34.
Qd4 Qxd4 35. Rxd4 f3 36. Be7 b6 37. Rd8+ Kb7 38. Bh4 Rc6 39. Rd1 h5 40. h3 Rc4
41. Kh2 Ra4 42. Rd3 c5 43. Kg1 Rd4 44. Rxd4 cxd4 45. Kf1 Kc6 46. Ke1 gxh3 47.
Bg3 Kd5 48. Kd1 Kc4 49. Kc2 b5 50. Bh2 a5 51. Bg3 b4 52. axb4 axb4 53. Kd2 b3
54. Kc1 Kc3 55. Bf4 Kd3 56. Kb2 Ke2 57. Kxb3 Kxf2 58. Kc4 Kg2 59. Kxd4 f2 60.
Ke4 f1=Q 61. Ke5 Qxf4+ 62. Kxf4 0-1

[Event "Open de la Loire"]
[Site "Comite Loire Echecs"]
[Date "2005.05.21"]
[Round "7.6"]
[White "Pareux, Marc"]
[Black "Mialon, Franck"]
[Result "1-0"]
[WhiteElo "1530"]
[BlackElo "1410"]
[PlyCount "71"]
[EventDate "2005.??.??"]

1. d4 d5 2. e4 c6 3. Nc3 e6 4. e5 Bb4 5. Qg4 g6 6. a3 h5 7. Qf4 Be7 8. Nf3 Nd7
9. Bd3 b5 10. O-O Bb7 11. h4 Qc7 12. Ng5 O-O-O 13. Nxf7 Rf8 14. Nd6+ Bxd6 15.
exd6 Qd8 16. Qg3 Ngf6 17. Bg5 Qe8 18. Rae1 Ne4 19. Nxe4 dxe4 20. Bxe4 Ba6 21.
Qc3 Bb7 22. Bxc6 Bxc6 23. Qxc6+ Kb8 24. Qxb5+ Ka8 25. Qc6+ Kb8 26. Re3 Nb6 27.
Qxe8+ Rxe8 28. Rfe1 Rd8 29. R1e2 Rhf8 30. Rxe6 Rf5 31. b3 Rdf8 32. Bf6 Nd7 33.
c4 Rf7 34. c5 Nf8 35. Be7 Rxe7 36. Rxe7 1-0

[Event "Open de la Loire"]
[Site "Comite Loire Echecs"]
[Date "2005.05.21"]
[Round "7.7"]
[White "Conesa, Antoine"]
[Black "Desassis, Maxence"]
[Result "1-0"]
[WhiteElo "1500"]
[BlackElo "1390"]
[PlyCount "47"]
[EventDate "2005.??.??"]

1. e4 e6 2. Nf3 Nf6 3. Nc3 d6 4. d4 g6 5. Bg5 Bg7 6. e5 dxe5 7. dxe5 Qxd1+ 8.
Rxd1 Nfd7 9. Nb5 Na6 10. c3 O-O 11. Bf4 b6 12. Nbd4 Nac5 13. Be2 Bb7 14. Bb5
Rfd8 15. Bg5 Bxf3 16. Nxf3 f6 17. exf6 Bxf6 18. b4 Bxg5 19. Nxg5 a6 20. Bxd7
Nxd7 21. Nxe6 Re8 22. Rxd7 Rxe6+ 23. Kd2 c5 24. Rd3 1-0

[Event "Open de la Loire"]
[Site "Comite Loire Echecs"]
[Date "2005.05.21"]
[Round "7.8"]
[White "Bruyas, Benjamin"]
[Black "Gregoire, Patrick"]
[Result "1-0"]
[WhiteElo "1410"]
[BlackElo "1450"]
[PlyCount "77"]
[EventDate "2005.??.??"]

1. Nf3 e6 2. c4 d5 3. b3 c5 4. Bb2 Nf6 5. e3 a6 6. d4 Nc6 7. Nc3 cxd4 8. exd4
Bb4 9. a3 Bd6 10. Be2 O-O 11. O-O Re8 12. Re1 b6 13. b4 dxc4 14. Bxc4 Bb7 15.
d5 exd5 16. Nxd5 Rxe1+ 17. Qxe1 b5 18. Bb3 Nxd5 19. Bxd5 Bxh2+ 20. Kxh2 Qxd5
21. Rd1 Qh5+ 22. Kg1 f6 23. Qe6+ Qf7 24. Qxf7+ Kxf7 25. Rd7+ Kg6 26. Rxb7 Nd8
27. Rb6 Nf7 28. Ne5+ Nxe5 29. Bxe5 Kf5 30. Rb8 Ra7 31. Bg3 h5 32. Kh2 a5 33.
Rxb5+ Ke6 34. Rxa5 Rd7 35. Rxh5 Ra7 36. Ra5 Rd7 37. b5 g5 38. b6 f5 39. Ra7 1-0

[Event "Open de la Loire"]
[Site "Comite Loire Echecs"]
[Date "2005.05.21"]
[Round "7.9"]
[White "Veyrat, Gerard"]
[Black "Trottet, Francois"]
[Result "0-1"]
[WhiteElo "1240"]
[BlackElo "1420"]
[PlyCount "87"]
[EventDate "2005.??.??"]

1. c4 c5 2. d4 cxd4 3. Qxd4 Nc6 4. Qc3 e5 5. e4 Bb4 6. Qxb4 Nxb4 7. Na3 a6 8.
Bd2 Nc6 9. Bd3 d6 10. Nf3 h6 11. O-O Bg4 12. Be2 Bxf3 13. Bxf3 Nd4 14. Bg4 h5
15. Bd1 Nf6 16. f3 O-O 17. Bg5 Ne6 18. Bh4 Nf4 19. Nc2 Qb6+ 20. Kh1 Qxb2 21.
Bg3 Qc3 22. Bxf4 exf4 23. Rc1 Qe5 24. Be2 Rab8 25. Rcd1 b5 26. Nd4 Rfc8 27.
cxb5 axb5 28. Nxb5 Rxb5 29. Bxb5 Qxb5 30. Rb1 Qe2 31. a4 Ra8 32. Rfe1 Qc4 33.
a5 Rxa5 34. h3 Qe6 35. Red1 d5 36. exd5 Nxd5 37. Rd2 Ne3 38. Rb3 Kh7 39. Rb6
Qf5 40. Rb1 g5 41. Kh2 Rc5 42. Rg1 Rc2 43. Rxc2 Qxc2 44. Kh1 0-1

[Event "Open de la Loire"]
[Site "Comite Loire Echecs"]
[Date "2005.05.21"]
[Round "7.10"]
[White "Brachet, Gerard"]
[Black "Goudet, Maxence"]
[Result "1/2-1/2"]
[WhiteElo "1340"]
[BlackElo "1380"]
[PlyCount "66"]
[EventDate "2005.??.??"]

1. e4 e5 2. Nf3 Nc6 3. Bc4 d6 4. h3 Nge7 5. d3 d5 6. exd5 Nxd5 7. Bg5 Be7 8.
Bxe7 Ndxe7 9. Nbd2 b6 10. c3 Bb7 11. Qb3 O-O 12. Ng5 Qe8 13. O-O-O Nd8 14. Nde4
h6 15. Nf3 Ng6 16. g3 Ne6 17. h4 Nc5 18. Qc2 Rd8 19. h5 Ne7 20. Nxe5 Nc8 21.
Ng6 Nxe4 22. dxe4 Bxe4 23. Rxd8 Bxg6 24. Qxg6 Qxd8 25. Re1 Qg5+ 26. Kb1 Qd2 27.
Bxf7+ Rxf7 28. Re8+ Rf8 29. Qe6+ Kh7 30. Qg6+ Kg8 31. Qe6+ Kh7 32. Qe4+ Kg8 33.
Qe6+ Kh7 1/2-1/2

[Event "Open de la Loire"]
[Site "Comite Loire Echecs"]
[Date "2005.05.21"]
[Round "7.11"]
[White "Gidrol, Thibault"]
[Black "Rogues, Jean-Luc"]
[Result "0-1"]
[WhiteElo "1290"]
[BlackElo "1470"]
[PlyCount "128"]
[EventDate "2005.??.??"]

1. e4 e5 2. Nf3 Nc6 3. d4 Nf6 4. Nc3 Bb4 5. Bb5 Nxe4 6. Bd2 Nxd2 7. Qxd2 O-O 8.
dxe5 Bc5 9. Qd3 Nb4 10. Qe4 c6 11. Bd3 Nxd3+ 12. Qxd3 d6 13. O-O Re8 14. exd6
Qxd6 15. Qxd6 Bxd6 16. Rad1 Bb4 17. Rfe1 Bg4 18. a3 Bxc3 19. bxc3 Bxf3 20. gxf3
Kf8 21. c4 Rxe1+ 22. Rxe1 Re8 23. Rd1 f6 24. f4 Kf7 25. Kf1 Re7 26. h4 a6 27.
a4 b6 28. c3 Re4 29. Rb1 Rxc4 30. Rxb6 a5 31. Rb7+ Kg6 32. h5+ Kh6 33. f5 Rxa4
34. f4 Rxf4+ 35. Kg2 Rxf5 36. Kg3 Rxh5 37. Kg4 Rc5 38. Ra7 Rc4+ 39. Kf5 a4 40.
Ra5 c5 41. Ke6 Rxc3 42. Rxa4 Rd3 43. Rc4 Rd4 44. Rxc5 Re4+ 45. Kf5 Re5+ 46.
Rxe5 fxe5 47. Kxe5 Kg5 48. Ke4 Kg4 49. Ke5 g5 50. Ke4 Kg3 51. Kf5 g4 52. Ke4 h5
53. Kf5 h4 54. Kg5 h3 55. Kf5 Kf3 56. Ke5 g3 57. Kd4 g2 58. Kc5 h2 59. Kd6 h1=Q
60. Ke5 g1=Q 61. Ke6 Qh5 62. Kf6 Qgg6+ 63. Ke7 Qhh7+ 64. Kf8 Qgg8# 0-1

[Event "Open de la Loire"]
[Site "Comite Loire Echecs"]
[Date "2005.05.21"]
[Round "7.12"]
[White "Gerey, Jean-Pierre"]
[Black "Giroux, Sylvain"]
[Result "1-0"]
[WhiteElo "1350"]
[BlackElo "1310"]
[PlyCount "115"]
[EventDate "2005.??.??"]

1. e4 e5 2. Nf3 Nc6 3. Bb5 Nge7 4. O-O a6 5. Ba4 g6 6. c3 Bg7 7. d4 exd4 8.
cxd4 O-O 9. Re1 Re8 10. Qd3 b5 11. Bb3 Na7 12. Ng5 Rf8 13. Qf3 Qe8 14. Qh3 h6
15. Nf3 Kh7 16. Nbd2 c6 17. Bc2 Qd8 18. e5 d6 19. Qh5 Nf5 20. Qg4 Ne7 21. Qg3
Bf5 22. Bxf5 Nxf5 23. Qf4 Qd7 24. Ne4 dxe5 25. dxe5 Qe6 26. Nf6+ Bxf6 27. exf6
Qxf6 28. g4 g5 29. Qxf5+ Qxf5 30. gxf5 f6 31. b3 Rfe8 32. Bb2 Kg7 33. Rad1 Kf7
34. Rd7+ Kf8 35. Bxf6 Rxe1+ 36. Nxe1 c5 37. Bg7+ Ke8 38. Rc7 Kd8 39. Rxc5 Rc8
40. Rxc8+ Nxc8 41. Bxh6 g4 42. Bg5+ Ke8 43. Ng2 Kf7 44. Ne3 Nd6 45. Kg2 Ne4 46.
Bh4 Nf6 47. Bxf6 Kxf6 48. Kg3 Kg5 49. f4+ gxf3 50. Kxf3 b4 51. Ke4 a5 52. Ke5
Kh6 53. Nd5 Kg7 54. h4 Kf7 55. h5 Kg7 56. Ke6 Kf8 57. h6 Ke8 58. h7 1-0

[Event "Open de la Loire"]
[Site "Comite Loire Echecs"]
[Date "2005.05.21"]
[Round "7.13"]
[White "Moleins, Adrien"]
[Black "Paratcha, Yohan"]
[Result "1-0"]
[WhiteElo "1180"]
[BlackElo "1440"]
[PlyCount "51"]
[EventDate "2005.??.??"]

1. e4 e5 2. Nf3 d6 3. d4 Nf6 4. dxe5 dxe5 5. Qxd8+ Kxd8 6. Bg5 Nc6 7. Nc3 Be7
8. O-O-O+ Bd7 9. Bb5 Bd6 10. Rhe1 h6 11. Bxf6+ gxf6 12. Nd5 Rg8 13. Nxf6 Rxg2
14. Nxd7 Kxd7 15. Nxe5+ Ke7 16. Nxc6+ bxc6 17. Bxc6 Rb8 18. e5 Rxb2 19. exd6+
Kd8 20. Re7 Rb6 21. dxc7+ Kxe7 22. c8=Q Rxf2 23. Qd7+ Kf6 24. Qd4+ Kg5 25. Qxf2
Rxc6 26. Qg2+ 1-0

[Event "Open de la Loire"]
[Site "Comite Loire Echecs"]
[Date "2005.05.21"]
[Round "8.1"]
[White "Guevorkian, Spartak"]
[Black "Gaillard, Pierre"]
[Result "1-0"]
[WhiteElo "1699"]
[BlackElo "1830"]
[PlyCount "62"]
[EventDate "2005.??.??"]

1. d4 Nf6 2. c4 g6 3. Nf3 Bg7 4. Nc3 O-O 5. Bf4 d6 6. h3 a6 7. e3 c6 8. a3 b5
9. Qc2 Bb7 10. Be2 Nbd7 11. O-O Qb6 12. b4 c5 13. dxc5 dxc5 14. cxb5 cxb4 15.
axb4 Rfc8 16. Qb3 axb5 17. Rxa8 Bxa8 18. Ne5 Nxe5 19. Bxe5 Ne4 20. Bxg7 Kxg7
21. Nxb5 e6 22. Qb2+ Kg8 23. Rd1 Bd5 24. Nd4 Nc3 25. Rc1 Nxe2+ 26. Nxe2 Rc4 27.
Rxc4 Bxc4 28. Nd4 Bd5 29. Qc3 h5 30. Qc5 Qa6 31. b5 Qa1+ 1-0

[Event "Open de la Loire"]
[Site "Comite Loire Echecs"]
[Date "2005.05.21"]
[Round "8.2"]
[White "Borron, Herve"]
[Black "Vier, Serge"]
[Result "0-1"]
[WhiteElo "1520"]
[BlackElo "1870"]
[PlyCount "59"]
[EventDate "2005.??.??"]

1. c4 e5 2. Nc3 Nf6 3. g3 c6 4. e3 d5 5. cxd5 cxd5 6. d4 exd4 7. exd4 Be7 8.
Bg2 O-O 9. Nf3 Nc6 10. O-O Bf5 11. a3 Rc8 12. Qb3 Na5 13. Qd1 h6 14. Bf4 Qb6
15. Qe2 Rfe8 16. Qb5 Qxb5 17. Nxb5 a6 18. Nc3 Nc4 19. Ne5 Be6 20. Rab1 b5 21.
Rfe1 Nxa3 22. Rbc1 Nc4 23. Nxc4 Rxc4 24. Red1 Rcc8 25. Be5 Ne4 26. Bxe4 dxe4
27. d5 Bg4 28. d6 Bg5 29. d7 Bxd7 30. f4 0-1

[Event "Open de la Loire"]
[Site "Comite Loire Echecs"]
[Date "2005.05.21"]
[Round "8.3"]
[White "Moleins, Jean-Pierre"]
[Black "Roche, Marius"]
[Result "0-1"]
[WhiteElo "1499"]
[BlackElo "1770"]
[PlyCount "38"]
[EventDate "2005.??.??"]

1. e4 g6 2. d4 Bg7 3. c3 d6 4. Nf3 Nf6 5. Bd3 O-O 6. O-O Nc6 7. b4 a6 8. Ng5 h6
9. Nf3 e5 10. Qb3 Bg4 11. Nh4 exd4 12. Nxg6 Be6 13. Bc4 Re8 14. Bxe6 Rxe6 15.
Re1 Rxe4 16. Rxe4 Nxe4 17. Bb2 Qf6 18. a4 Qxf2+ 19. Kh1 Qf1# 0-1

[Event "Open de la Loire"]
[Site "Comite Loire Echecs"]
[Date "2005.05.21"]
[Round "8.4"]
[White "Pareux, Marc"]
[Black "Gidon, Rene"]
[Result "0-1"]
[WhiteElo "1530"]
[BlackElo "1540"]
[PlyCount "38"]
[EventDate "2005.??.??"]

1. d4 Nf6 2. f3 e6 3. e4 d5 4. Be3 Be7 5. Nd2 O-O 6. c3 b6 7. Bd3 Ba6 8. Bc2 c5
9. Ne2 Nc6 10. Nb3 dxe4 11. fxe4 Ng4 12. Qd2 Nxe3 13. Qxe3 cxd4 14. Nbxd4 Nxd4
15. Nxd4 Bc5 16. e5 Qh4+ 17. g3 Qh5 18. Bd1 Qg6 19. Bc2 Bxd4 0-1